[Event "Turkey IS Bank Super League 2017"]
[Site "Darica-Kocaeli"]
[Date "2017.08.04"]
[Round "11"]
[White "Rozum, Ivan"]
[Black "Ivanchuk, Vassily"]
[Result "1/2-1/2"]
[WhiteElo "2573"]
[BlackElo "2729"]
[Annotator "TA"]
[PlyCount "119"]
[EventType "team-tourn"]
[EventCountry "TUR"]
[SourceTitle "playchess.com"]
[Source "ChessBase"]
[SourceQuality "1"]

{[%evp 28,119,55,53,61,45,56,42,108,101,108,95,98,82,75,79,79,94,70,59,72,64,98,78,106,106,106,107,122,120,113,87,87,84,118,119,134,134,129,125,133,107,111,102,109,103,108,102,106,70,79,82,83,70,76,76,76,76,76,56,56,56,57,57,59,66,56,51,52,54,54,0,48,0,48,47,129,62,107,99,101,75,76,66,91,64,64,64,93,40,39,8,8,0]} 1. d4 Nf6 2. c4 g6 3. g3 Bg7 4. Bg2 d6 5. Nf3 O-O 6. O-O Nbd7 7. Qc2 e5 8. Rd1 Qe7 9. Nc3 c6 10. e4 a5 11. h3 exd4 12. Nxd4 Re8 13. Be3 {E68: King's Indian: Fianchetto: 6...Nbd7 7 0-0 e5 8 e4} (13. Bf4 Ne5 14. b3 Nfd7 15. Be3 Nc5 16. f4 Ned7 17. Re1 Na6 18. a3 h5 19. Rab1 Ndc5 20. b4 axb4 21. axb4 {0-1 (49) Matjushin,G (2500)-Maximov,D (2485) Poltava 2009}) 13... a4 14. Re1 Nc5 15. Rad1 {LiveBook: 11 Games. White is slightly better.} Bd7 {[%cal Rf6e4]} ({Avoid the trap} 15... Ncxe4 $2 16. Bf4 $18) 16. f3 Qd8 $146 ({Predecessor:} 16... Bc8 17. Bf2 Nfd7 18. f4 Qd8 {1-0 (60) Lapienis,D (2311)-Chehlov,A (2267) Saint Vincent 2001}) 17. Nde2 Bf8 (17... Qa5 $14) 18. Bxc5 $16 dxc5 19. f4 Qc7 20. g4 Red8 21. e5 Ne8 22. Nxa4 f6 23. exf6 Nxf6 24. b3 Be8 25. Qc3 Rxd1 26. Rxd1 Rd8 27. Rxd8 Qxd8 28. Qe3 Bf7 29. Nb2 ({And not} 29. Nxc5 Qb6 $17) 29... Qa5 30. Qc3 Qxc3 31. Nxc3 Bg7 32. Nba4 Nd7 33. Kf1 Bd4 34. Ne4 b5 35. cxb5 cxb5 36. Nac3 b4 37. Ne2 Be3 38. Ng5 h6 39. Nxf7 Kxf7 {[%mdl 4096] Endgame KBN-KBN} 40. Bc6 Nf6 $1 41. Kg2 g5 42. Kf3 Bd2 43. fxg5 hxg5 44. Ng3 Ke6 45. Nf5 Ng8 46. Bb5 Ke5 47. Ke2 Bc3 48. Kd3 {[#] Hoping for a4.} Be1 $1 49. Ke2 Bc3 50. Kf3 Nf6 51. Bc6 Nh5 ({Black should try} 51... Bb2 $14) 52. Ne3 (52. gxh5 $16 Kxf5 53. Be4+ Ke6 54. h6) 52... Ng7 53. Bd7 Kd6 54. Bc8 Ke5 55. Nc4+ Kd5 56. Ke3 Ne8 57. Kd3 Nd6 58. Ne3+ (58. Nxd6 $16 Kxd6 59. a4) 58... Ke5 $14 59. Bf5 {[#] Threatens to win with a4.} Bd4 60. Nc4+ {Precision: White = 49%, Black = 62%.} 1/2-1/2

[Event "Turkey IS Bank Super League 2017"]
[Site "Darica-Kocaeli"]
[Date "2017.08.04"]
[Round "11"]
[White "Sanal, Vahap"]
[Black "Dastan, Muhammed Batuhan"]
[Result "1-0"]
[WhiteElo "2533"]
[BlackElo "2529"]
[Annotator "TA"]
[PlyCount "266"]
[EventType "team-tourn"]
[EventCountry "TUR"]
[SourceTitle "playchess.com"]
[Source "ChessBase"]
[SourceQuality "1"]

{[%evp 17,266,22,62,18,14,0,0,0,33,4,3,8,15,4,6,7,5,12,6,-18,11,11,20,8,9,9,40,5,32,-28,17,16,14,-33,14,7,0,11,20,17,36,36,36,23,31,35,37,0,54,62,212,148,122,72,72,79,83,64,62,60,65,22,63,64,78,85,63,0,60,10,21,13,34,22,25,12,13,13,13,21,21,0,23,27,52,27,52,52,60,31,18,42,67,51,67,67,67,67,67,67,67,67,114,68,295,313,271,271,299,286,385,379,391,374,477,473,469,455,431,281,281,0,277,155,140,73,237,145,148,124,131,11,49,46,208,137,150,47,329,325,549,549,545,545,531,522,535,497,485,479,530,536,530,516,495,448,492,470,578,554,670,660,645,613,658,655,642,640,598,580,661,613,816,809,899,774,879,470,450,440,423,385,362,385,408,397,366,258,390,0,0,0,0,0,0,0,0,0,0,0,29,38,33,23,154,162,81,80,80,72,72,71,78,8,29952,29953,29945,29946,29952,29956,29959,29958,29959,29961,29962,29961,29961,29964,29964,29960,29958,29960,29968,29966,29972,29970,29973,29971,29973,29974,29976,29976,29976,29977,29977,29978,29978,29980,29980,29980,29980]} 1. e4 c5 2. Nf3 d6 3. Bb5+ Nc6 4. O-O Bd7 5. c3 Nf6 6. Re1 a6 7. Ba4 b5 8. Bc2 Bg4 9. h3 Bh5 {LiveBook: 20 Games. B51: Sicilian: Moscow Variation (3 Bb5+) without 3...Bd7} (9... Bxf3 10. Qxf3 g6 11. a4 Rb8 12. axb5 axb5 13. Qd1 Bh6 14. Na3 O-O 15. Bd3 c4 16. Bf1 Na5 17. d3 Bxc1 18. Rxc1 cxd3 19. Qxd3 {½-½ (25) Andriasian,Z (2612)-Moiseenko,A (2695) Jerusalem 2015}) 10. d3 (10. g4 $5 {[%cal Rg4h5]} Bg6 11. d4 $14) 10... e6 11. Nbd2 {[%cal Bb1d2,Bd2f1,Bf1h2][%mdl 32]} Be7 {The position is equal.} 12. Nf1 Ne5 13. N1h2 (13. g4 {keeps more tension.} Bg6 14. N3d2 Nc6 15. f4 h6 16. Ng3) 13... Nxf3+ 14. Nxf3 O-O 15. g4 $146 ({Predecessor:} 15. Be3 Rc8 16. Rc1 d5 17. e5 {0-1 (68) Budueva,K (1400)-Tereshechkina,M (1912) Moscow 2009}) 15... Bg6 16. Nh4 Nd7 17. Nxg6 hxg6 18. f4 e5 19. Rf1 d5 20. fxe5 Nxe5 21. Bf4 Nd7 22. e5 Bg5 {White should prevent ...Bxf4.} 23. Bg3 (23. d4 $14) 23... Be3+ 24. Kh1 d4 25. a4 b4 26. cxb4 cxb4 27. Bb3 $1 {[%cal Rb3f7]} Qe7 28. Qf3 Nc5 29. Bc4 Ne6 30. h4 g5 31. hxg5 Nxg5 32. Qg2 g6 (32... Rac8 $11) 33. Qc6 $14 {Black must now prevent Qxg6+.} Kh7 (33... Ne6 $1 $14) 34. Kg2 $18 {And now e6 would win.} (34. Bxa6 Rxa6 35. Qxa6 Qd7 $17) 34... Rfc8 35. Rh1+ Kg7 36. Qd6 Ra7 37. Qxe7 Rxe7 38. b3 a5 39. Raf1 Rc6 40. Rh2 Re8 41. Bh4 Rc7 42. Bg3 {e6 is the strong threat.} (42. Rfh1 $5 {[%cal Rh4g5]} Rh8 43. Kg3 $14) 42... Rc6 $1 43. Kh1 {Strongly threatening Bb5.} Re7 44. Re2 Re8 45. Kg2 Rc5 46. Ree1 Ne6 47. Rf6 Bg5 48. Rf3 Be3 49. Ref1 Rc7 50. Rh1 Rcc8 51. Rf6 Bg5 52. Rff1 Be3 53. Kf3 Ng5+ 54. Ke2 Rc5 55. Kd1 Rcc8 56. Rh2 Rc5 57. Bh4 {White wants to mate with Bxg5.} Rc7 58. Rfh1 {aiming for Bxg5.} Rxe5 59. Bg3 Rce7 60. Rh8 Re8 $2 (60... Bg1 $1 $14) 61. Bxe5+ Rxe5 62. Ra8 Rc5 63. Rf1 Kh6 64. Ra6 Kg7 65. Ra7 Kh6 66. Rb7 Rc8 67. Rb5 Ra8 68. Rc5 Ra7 69. Rb5 $2 (69. Rc6 $18) 69... Kg7 $2 {[%mdl 8192]} (69... Ra8 $1 $11 {and Black has nothing to worry.} 70. Bxf7 Rf8) 70. Re5 (70. Rb6 $18) 70... Nh3 $16 71. Kc2 (71. Ke2 $142) 71... Ng5 $2 (71... f6 $16 {might work better.} 72. Rc5 Nf2) 72. Rh1 Nh7 73. Rc5 $36 {[%mdl 2048] White is in control.} Nf6 74. g5 ({White must play} 74. Rf1 $1 $16) 74... Nh7 (74... Ne4 $5 {[%cal Re4c5]} 75. Rc8 (75. dxe4 d3+ 76. Kxd3 Bxc5 $11) 75... Nd6 $14) 75. Rh3 Bf4 $2 (75... Nxg5 $14 76. Rxe3 dxe3 77. Rxg5 f5) 76. Rh4 Be3 77. Rg4 (77. Re4 $1 $16) 77... Nf8 $2 {[%mdl 8192]} ({Black should play} 77... Nxg5 $1 $14 78. Rgxg5 (78. Rcxg5 Bxg5 79. Rxg5 f5 $16) 78... Bxg5) 78. Re4 $18 f5 $2 (78... Rb7 79. Rxa5 Nh7) 79. gxf6+ Kxf6 80. Re8 Bh6 81. Rcc8 Nh7 82. Rc6+ Kf5 83. Re4 Be3 84. Rc5+ Kf6 85. Re6+ Kg7 86. Rcc6 Nf8 87. Re8 g5 88. Kd1 Bf4 89. Ke2 Rd7 90. Ra6 Be3 91. Rxa5 Ng6 92. Rg8+ Kh7 93. Kf1 Rd6 94. Rf5 Kh6 95. Re8 Nh4 96. Rff8 Kh5 97. Re4 Ng6 98. Rf7 {[%cal Rf7h7]} Nf4 99. Re5 Kg4 {intending ...Rh6.} 100. Rg7 $1 Nh5 {[#]} 101. Be6+ $1 Kf3 ({And not} 101... Rxe6 {[#]} 102. Rgxg5+ $1 {[%mdl 512]} Bxg5 103. Rxe6 $18) 102. Rf7+ Nf4 (102... Kg3 {keeps fighting.} 103. Rh7 Rc6) 103. Bc8 $2 (103. Rf6 $18 Kg3 104. Rxg5+ Kh4 105. Rg4+ Kh5 106. Bf7+ Kxg4 107. Rxd6 Nxd3 108. a5) 103... Rh6 $11 {[%cal Rh6h1]} 104. Bb7+ Kg4 105. Bc8+ Kf3 $1 {[%cal Rh6h1]} 106. Bb7+ Kg4 107. Rg7 Nxd3 108. Bc8+ Kg3 {( -> ...Rh1+)} 109. Rxe3+ $1 dxe3 {[%mdl 4096] Endgame KRB-KRN} 110. Ke2 (110. Rxg5+ $2 Kf4 $19) 110... Nc1+ (110... Nf4+ $11 111. Kxe3 Kh4) 111. Kxe3 $16 Nxb3 112. Rxg5+ Kh2 113. Kf2 Nd4 114. Rg2+ Kh1 {Hoping for ...Rf6+.} 115. Bb7 (115. Rg8 $16) 115... Nc6 $2 {[%mdl 8192]} (115... Rh2 $11) 116. Rg4 {White mates.} Rf6+ 117. Ke3 Kh2 118. Bxc6 $1 Rxc6 119. Rxb4 {KR-KR} Ra6 120. Kd4 Ra5 121. Kc4 Kg3 122. Kb3 Kf3 123. Rh4 Ra8 124. Kb4 Ke3 125. a5 {[%cal Ba4a5,Ba5a6,Ba6a7][%mdl 32]} Kd3 126. Kb5 Rg8 127. Rh5 Kd4 128. a6 Rg7 129. Rh4+ Kc3 130. Rh6 Kd4 131. Kb6 Kd5 132. a7 Rg8 133. Rh5+ Ke4 {Precision: White = 57%, Black = 35%.} 1-0

[Event "Turkey IS Bank Super League 2017"]
[Site "Darica-Kocaeli"]
[Date "2017.08.04"]
[Round "11"]
[White "Esen, Baris"]
[Black "Karagollu, Ahmet"]
[Result "1/2-1/2"]
[WhiteElo "2528"]
[BlackElo "2083"]
[Annotator "TA"]
[PlyCount "146"]
[EventType "team-tourn"]
[EventCountry "TUR"]
[SourceTitle "playchess.com"]
[Source "ChessBase"]
[SourceQuality "1"]

{[%evp 21,146,30,30,25,30,20,28,31,26,22,25,23,34,28,37,32,37,30,41,23,60,47,62,37,31,21,18,14,31,0,35,31,38,31,31,29,31,30,31,30,50,44,59,59,52,31,31,31,31,30,31,30,31,31,31,23,31,31,31,31,31,31,31,31,59,36,59,59,59,59,59,59,59,24,31,26,26,26,59,59,59,48,44,26,26,0,26,26,26,26,26,26,26,26,26,26,26,4,26,9,26,0,26,5,26,0,9,0,26,0,7,0,0,0,0,0,0,0,0,0,0,0,0,0,0,0,0]} 1. d4 Nf6 2. c4 g6 3. Nf3 Bg7 4. g3 O-O 5. Bg2 d6 6. O-O Nc6 7. Nc3 a6 8. b3 Bf5 9. d5 {E63: King's Indian: Fianchetto: Panno Variation with 7...a6} (9. Bb2 Ne4 10. Nd5 e5 11. dxe5 dxe5 12. Nh4 Nd6 13. Ba3 Be6 14. Nxc7 Qxc7 15. Bxd6 Qa5 16. Bxf8 Rxf8 17. Qe1 Qa3 {1-0 (68) Bok,B (2594)-Van Foreest,J (2615) Amstelveen 2016}) 9... Na5 $146 ({Predecessor:} 9... Ne4 10. Nxe4 Bxe4 11. dxc6 Bxa1 12. Bh6 Bf6 13. Bxf8 Qxf8 14. cxb7 Bxb7 15. Qd3 Qc8 16. Rd1 c5 {1-0 (32) Bator,R (2480)-Eriksson,R (2178) Sweden 1999}) 10. Bb2 c5 11. dxc6 Nxc6 {LiveBook: 7 Games} 12. Nd4 Nxd4 13. Qxd4 Ne4 14. Qe3 Nxc3 15. Bxc3 Bxc3 16. Qxc3 Qc7 17. Rac1 Rac8 18. Qe3 b6 19. Rfd1 Rfe8 20. Rd4 a5 21. Rcd1 Qc5 22. Qh6 {And now Bd5 would win.} Qe5 $1 23. Rh4 Qg7 24. Qe3 Rc5 25. a4 (25. Rhd4 $5 {[%cal Rd4d6]}) 25... Bd7 26. Rhd4 Qe5 27. Re4 Qf6 28. Rf4 Qe5 29. Qd3 Bf5 30. Be4 Bxe4 31. Rxe4 Qf6 32. Qe3 Kg7 33. Rf4 Qe6 34. Qf3 Rec8 35. Rfd4 R8c7 36. e3 Qf5 37. Rf4 Qe6 38. Rd2 f6 39. h4 h5 40. Rfd4 Qf5 41. Qd1 Qe6 42. Kg2 Qd7 43. R2d3 Qc6+ 44. e4 Rc8 45. Rd5 Qd7 46. Qd2 Qe6 47. Qf4 Rf8 48. Qe3 Rfc8 49. Qd4 Rb8 50. Re3 Rf8 51. Kf1 Qh3+ 52. Ke2 Qg4+ 53. Kf1 Rxd5 54. Qxd5 $11 {[%mdl 4096] Endgame KQR-KQR} Qd7 55. Qd4 Qc6 56. Rd3 Rc8 57. Qe3 Qc5 58. Qf3 Qe5 59. Rd5 Qa1+ 60. Kg2 Rc5 61. Qe3 Qb2 62. Rd1 Qe5 63. Rd4 Qe6 64. Rd5 Qd7 65. Qd3 Qe6 {The position is equal.} 66. f3 {[%cal Bf2f3,Bf3f4][%mdl 32]} Rxd5 67. exd5 {KQ-KQ} Qe5 68. f4 Qb2+ 69. Kf3 Qc1 70. Kf2 Kf7 71. Ke2 Qb2+ 72. Kf3 Qc1 73. Ke2 Qb2+ {Precision: White = 54%, Black = 56%.} 1/2-1/2

[Event "Turkey IS Bank Super League 2017"]
[Site "Darica-Kocaeli"]
[Date "2017.08.04"]
[Round "11"]
[White "Benidze, Davit"]
[Black "Haznedaroglu, Kivanc"]
[Result "1/2-1/2"]
[WhiteElo "2515"]
[BlackElo "2471"]
[Annotator "TA"]
[PlyCount "35"]
[EventType "team-tourn"]
[EventCountry "TUR"]
[SourceTitle "playchess.com"]
[Source "ChessBase"]
[SourceQuality "1"]

{[%evp 23,35,0,0,-10,2,0,0,-4,1,0,18,-1,0,0]} 1. d4 d5 2. c4 c6 3. Nf3 Nf6 4. cxd5 cxd5 5. Nc3 Nc6 6. Bf4 Bf5 7. e3 e6 8. Bd3 Bxd3 9. Qxd3 Bd6 10. Bxd6 Qxd6 11. O-O O-O 12. Rfc1 Rfc8 {The position is equal.} 13. Nd2 {D14: Slav Defence: Exchange variation with ...Bf5} (13. h3 h6 14. Nd2 Nd7 15. Ne2 Rc7 16. a3 Rac8 17. Rc3 Ne7 18. Rac1 Rxc3 19. Rxc3 Rxc3 20. Qxc3 Qc6 21. Kf1 Kf8 22. Qxc6 Nxc6 23. Nc3 Ke7 24. Ke2 a6 25. Kd3 Kd6 26. f4 f5 27. Ne2 Nf6 {½-½ (27) Li,C (2720)-Bu,X (2705) Doha 2016}) 13... Nd7 14. Nb5 $146 ({Predecessor:} 14. a3 a6 15. Rc2 Rc7 16. Rac1 Rac8 17. Na4 Ne7 18. Rxc7 Rxc7 19. Rxc7 Qxc7 20. Qc3 Qxc3 21. Nxc3 Nc6 22. Kf1 Kf8 23. Ke2 Ke7 24. h4 h5 25. g3 g6 26. Kd3 Kd6 {½-½ (30) Li,D (2474)-Wen,Y (2617) Beijing 2017}) 14... Qf8 15. Nc3 Qd6 16. Nb5 Qf8 17. Nc3 Qd6 18. Nb5 1/2-1/2

[Event "Turkey IS Bank Super League 2017"]
[Site "Darica-Kocaeli"]
[Date "2017.08.04"]
[Round "11"]
[White "Vorontsov, Pavlo"]
[Black "Korobov, Anton"]
[Result "1/2-1/2"]
[WhiteElo "2510"]
[BlackElo "2668"]
[Annotator "TA"]
[PlyCount "39"]
[EventType "team-tourn"]
[EventCountry "TUR"]
[SourceTitle "playchess.com"]
[Source "ChessBase"]
[SourceQuality "1"]

{[%evp 30,39,32,29,30,19,14,0,25,0,0,0]} 1. d4 d5 2. c4 c6 3. Nf3 Nf6 4. Nc3 e6 5. e3 Nbd7 6. Qc2 Bd6 7. b3 b6 8. Bb2 Bb7 9. Be2 O-O 10. O-O Qe7 11. Rad1 Rad8 {D45: Semi-Slav: 5 e3} 12. Rfe1 c5 (12... Rfe8 13. Bf1 e5 14. dxe5 Nxe5 15. Nxe5 Bxe5 16. cxd5 cxd5 17. Nb5 Rc8 18. Qb1 d4 19. h3 Ng4 20. hxg4 Qh4 21. f4 dxe3 22. Rxe3 Bxf4 23. Rh3 Qxh3 24. gxh3 Be3+ 25. Kh2 Bf4+ 26. Kg1 {½-½ (26) Wang,H (2698)-Ding,L (2781) Danzhou 2017}) 13. cxd5 exd5 14. Bf1 a6 15. g3 Rfe8 16. Bg2 {LiveBook: 8 Games} Bb8 $146 ({Predecessor:} 16... cxd4 17. Nxd4 g6 18. Nde2 Ne5 19. Nf4 Bb4 20. Qb1 g5 {1-0 (67) Moradiabadi,E (2597)-Salinas Herrera,P (2433) Port of Spain 2016}) 17. Ba3 Bd6 18. Bb2 (18. Na4 $5 {[%cal Ra4b6]}) 18... Bb8 19. Ba3 Bd6 20. Bb2 1/2-1/2

[Event "Turkey IS Bank Super League 2017"]
[Site "Darica-Kocaeli"]
[Date "2017.08.04"]
[Round "11"]
[White "Sadikhov, Ulvi"]
[Black "Guseinov, Gadir"]
[Result "1/2-1/2"]
[WhiteElo "2494"]
[BlackElo "2654"]
[Annotator "TA"]
[PlyCount "60"]
[EventType "team-tourn"]
[EventCountry "TUR"]
[SourceTitle "playchess.com"]
[Source "ChessBase"]
[SourceQuality "1"]

{[%evp 13,60,16,23,22,22,19,20,23,34,31,50,36,33,0,13,14,28,24,32,25,42,40,45,43,58,12,12,12,14,10,23,-8,-8,-8,-8,-8,0,0,0,0,0,0,0,0,0,0,0,0,0]} 1. e4 c5 2. Nf3 Nc6 3. Bb5 g6 4. O-O Bg7 5. Re1 Nf6 6. e5 Nd5 7. Bxc6 {B31: Sicilian: 2...Nc6 3 Bb5 g6} (7. Nc3 Nc7 8. Bc4 O-O 9. d3 b6 10. Bf4 Bb7 11. a3 d6 12. exd6 exd6 13. Ba2 Qd7 14. Qd2 Rae8 15. Rxe8 Rxe8 {0-1 (28) Lu,S (2638)-Wei,Y (2738) Danzhou 2017}) 7... dxc6 {LiveBook: 8 Games} 8. d3 Bg4 9. Nbd2 O-O 10. h3 Bxf3 11. Nxf3 f6 $146 ({Predecessor:} 11... Nc7 12. Be3 Ne6 13. Qd2 Qd5 14. Bh6 Nd4 15. Nxd4 cxd4 {½-½ (53) Paprocki,J (2217)-Shaw,T (2164) Barlinek 2007}) 12. Be3 b6 13. c4 Nxe3 14. Rxe3 Qd7 15. Qc2 Rad8 16. Rd1 fxe5 17. Nxe5 Bxe5 18. Rxe5 Rf6 19. Rde1 Qxd3 20. Qxd3 Rxd3 21. Rxe7 Rf7 22. Rxf7 (22. Re8+ {is interesting.} Rf8 23. R1e2 Rd1+ 24. Kh2 Ra1 25. a3) 22... Kxf7 $11 {[%mdl 4096] Endgame KR-KR. The position is equal.} 23. Kf1 Rd4 24. b3 Rd2 25. Re2 Rd1+ 26. Re1 Rd2 27. Re2 Rd1+ 28. Re1 Rd2 29. Re2 Rd1+ 30. Re1 Rd2 {Precision: White = 65%, Black = 59%.} 1/2-1/2

[Event "Turkey IS Bank Super League 2017"]
[Site "Darica-Kocaeli"]
[Date "2017.08.04"]
[Round "11"]
[White "Firat, Burak"]
[Black "Paichadze, Luka"]
[Result "1/2-1/2"]
[WhiteElo "2480"]
[BlackElo "2581"]
[Annotator "TA"]
[PlyCount "122"]
[EventType "team-tourn"]
[EventCountry "TUR"]
[SourceTitle "playchess.com"]
[Source "ChessBase"]
[SourceQuality "1"]

{[%evp 15,121,33,29,16,52,45,41,34,23,31,41,29,40,33,41,13,0,-49,-56,-50,-45,-52,-46,-50,-53,-89,-14,-108,-99,-99,-106,-106,-112,-102,-104,-100,-91,-85,-76,-128,-136,-103,-80,-81,-80,-80,-43,-54,-37,-83,-44,-44,0,0,0,0,0,-19,0,0,-30,-27,0,0,0,0,0,0,0,0,0,0,0,0,0,0,0,0,0,0,0,0,0,0,0,0,0,0,0,0,0,0,0,0,0,0,0,0,0,0,0,0,0,0,0,0,0,0]} 1. d4 Nf6 2. c4 e6 3. Nf3 Bb4+ 4. Bd2 a5 5. g3 b6 6. Bg2 Bb7 7. O-O O-O 8. Bf4 Be7 9. Qc2 {E16: Queen's Indian: 4 g3 Bb7 5 Bg2 Bb4+} Na6 (9... d5 10. Ne5 Qc8 11. Bg5 dxc4 12. Bxb7 Qxb7 13. Qxc4 c5 14. Nc3 cxd4 15. Qxd4 Nc6 16. Nxc6 Qxc6 17. Rac1 Rfd8 18. Qf4 Nh5 19. Qh4 Bxg5 20. Qxg5 Nf6 {½-½ (20) Tomashevsky,E (2724)-Rapport,R (2729) Germany 2017}) 10. Nc3 d5 11. Ne5 {White is slightly better.} Qc8 12. a3 c5 13. Na4 Bd8 14. dxc5 Nxc5 15. Rac1 $146 ({Predecessor:} 15. cxd5 Nxd5 16. Nxc5 bxc5 {½-½ (54) Rivera,A (2420)-Lebredo Zarragoitia,G (2320) Ciego de Avila 1997}) 15... d4 $1 16. Rfd1 (16. Bxb7 {is more complex.} Qxb7 17. Nxc5 bxc5 18. e3 Bc7 19. exd4 cxd4 20. Qe2) 16... Bxg2 17. Kxg2 Nfd7 {aiming for ...Nxe5.} 18. Nxc5 bxc5 19. Nxd7 Qxd7 20. Qe4 {[#]} Bf6 ({Black should play} 20... Be7 $1 $17) 21. e3 {[#]} (21. b4 $11) 21... g5 $1 $17 {[%cal Rg5f4]} 22. Be5 Bxe5 23. Qxe5 Qc6+ 24. f3 f6 25. Qe4 Qxe4 26. fxe4 dxe3 {[%mdl 4096] Endgame KRR-KRR} 27. Rd3 (27. Kf3 $142) 27... Rfd8 28. Rcd1 Rdb8 29. b3 a4 {Hoping for ...e2.} 30. Rb1 Rd8 31. Rxd8+ Rxd8 $15 {KR-KR} 32. Kf3 Rd3 33. bxa4 Rc3 34. a5 Rxc4 35. Kxe3 Ra4 36. Rb5 Rxa3+ 37. Kd2 c4 38. Kc2 c3 39. g4 {The position is equal.} Kf7 40. h3 Kg6 41. e5 h6 42. Rb6 Rxa5 (42... Kf7 {is interesting.} 43. Rb7+ Kg6 44. Rb6) 43. Rxe6 Rxe5 44. Rxe5 fxe5 45. Kxc3 $11 {K3P-KPP} h5 (45... Kf6 $5 46. Kc4 $8 Kf7 $11) 46. Kd3 hxg4 47. hxg4 {KPP-KP} Kf7 {...Ke6 is the strong threat.} (47... e4+ $5 48. Kxe4 Kg7 $11) 48. Kc4 Ke7 (48... Ke6 $5 {[%cal Re6d6]} 49. Kc5 e4 $11) 49. Kd5 Kf6 50. Kc4 e4 (50... Ke6 $5 51. Kc5 $8 Ke7 $11) 51. Kd4 {[#]} e3 $1 {[%mdl 512]} 52. Kxe3 {KP-KP} Ke5 53. Ke2 Ke4 54. Kf1 Kf4 (54... Kf3 $5) 55. Kf2 Kxg4 {KP-K} 56. Kg2 Kf4 (56... Kh5 $5 {[%cal Rh5g4]} 57. Kh3 Kh6 $11) 57. Kf2 g4 {[%cal Bg5g4,Bg4g3,Bg3g2][%mdl 32]} 58. Kg2 {[%cal Bf2g2,Bg2g1,Bg1f1][%mdl 32]} g3 (58... Ke3 $5) 59. Kg1 Kf3 {( -> ...g2)} (59... Ke3 $5) 60. Kf1 g2+ 61. Kg1 Kg3 $2 {[%mdl 8192] Precision: White = 78%, Black = 67%.} (61... Kf4 62. Kxg2) 1/2-1/2

[Event "Turkey IS Bank Super League 2017"]
[Site "Darica-Kocaeli"]
[Date "2017.08.04"]
[Round "11"]
[White "Batsiashvili, Nino"]
[Black "Unuk, Laura"]
[Result "1-0"]
[WhiteElo "2475"]
[BlackElo "2343"]
[Annotator "TA"]
[PlyCount "45"]
[EventType "team-tourn"]
[EventCountry "TUR"]
[SourceTitle "playchess.com"]
[Source "ChessBase"]
[SourceQuality "1"]

{[%evp 12,45,17,-7,-23,-19,82,56,130,91,105,97,181,169,252,252,248,232,257,252,263,261,488,488,477,471,624,573,652,654,654,654,652,639,667,663]} 1. d4 Nf6 2. c4 e6 3. Nf3 {[%cal Bg1f3,Bf3d4,Bd4b5][%mdl 32]} Bb4+ 4. Nc3 c5 5. g3 Nc6 6. Bg2 Ne4 7. Qd3 (7. Bd2 $5 Bxc3 8. bxc3 $11) 7... cxd4 {E20: Nimzo-Indian: 4 g3 and 4 f3} 8. Nxd4 Nc5 (8... Nxc3 $1 $11 {keeps the balance.} 9. bxc3 Ne5) 9. Qe3 $16 Qf6 ({Black should play} 9... Na4 $14) 10. Ndb5 $146 {[#] Nc7+ is the strong threat.} ({Predecessor:} 10. Nxc6 bxc6 11. Bd2 Ba6 12. O-O Nb7 13. Nd5 cxd5 14. Bxb4 Bxc4 15. Rac1 d4 16. Qa3 Bd5 17. Bxd5 exd5 18. Rc7 Qb6 19. Rfc1 f6 20. Rc8+ Kf7 21. Bf8 Rxc8 22. Qe7+ {1-0 (22) Brynell,S (2430)-Furhoff,J Gothenburg 1990}) 10... O-O 11. O-O a6 (11... b6 $16) 12. Nc7 $36 {[%mdl 2048] Keeping Black busy.} Ra7 {[#]} (12... Rb8 {was called for.}) 13. N7d5 $1 {[%mdl 512]} exd5 14. Nxd5 Qe6 15. Nxb4 Nxb4 16. Qxc5 Nc2 $2 (16... Nc6 17. Qe3 Ra8) 17. Qxa7 {White is clearly winning.} Nxa1 18. Qd4 a5 19. Qc3 b5 20. Be3 Qxc4 21. Qxc4 bxc4 22. Rxa1 Ba6 23. Rd1 {Precision: White = 97%, Black = 23%.} 1-0

[Event "Turkey IS Bank Super League 2017"]
[Site "Darica-Kocaeli"]
[Date "2017.08.04"]
[Round "11"]
[White "Yilmazyerli, Mert"]
[Black "Soysal, Serkan"]
[Result "1-0"]
[WhiteElo "2459"]
[BlackElo "2367"]
[Annotator "TA"]
[PlyCount "77"]
[EventType "team-tourn"]
[EventCountry "TUR"]
[SourceTitle "playchess.com"]
[Source "ChessBase"]
[SourceQuality "1"]

{[%evp 9,77,8,16,15,13,-22,-11,-15,-20,-26,0,-36,0,-6,43,36,24,7,10,0,72,62,66,68,50,29,76,81,168,194,186,162,144,139,264,264,219,120,129,109,129,93,113,119,152,152,196,137,200,133,138,125,226,209,196,168,271,271,532,532,532,532,642,631,589,441,744,545,576,576]} 1. e4 c6 2. Nc3 d5 3. Nf3 Nf6 4. e5 Ne4 5. Be2 (5. Ne2 Qb6 6. d4 e6 7. Ng3 c5 8. Bd3 Nc6 9. Nxe4 dxe4 10. Bxe4 cxd4 11. O-O Bd7 12. a3 h6 13. Re1 {1-0 (71) Short,N (2675)-Caruana,F (2827) Caleta 2017}) 5... e6 6. O-O {B11: Caro-Kann: Two Knights Variation} Be7 7. d3 Nxc3 8. bxc3 {The position is equal.} c5 $146 ({Predecessor:} 8... O-O 9. d4 c5 10. dxc5 Nd7 11. c4 dxc4 12. c6 bxc6 13. Bxc4 {½-½ (39) Lokvenc,J-Vaitonis,P Amsterdam 1954}) 9. d4 Nc6 10. Be3 O-O 11. dxc5 Qa5 12. Qd3 h6 13. Qd2 Rd8 14. Bd3 {next Bxh6! is good for White.} Bf8 (14... f6 $11 {keeps the balance.}) 15. Rab1 $16 Qc7 16. Rfe1 Bd7 17. Qd1 Be8 18. Nd4 Nxd4 (18... Qxe5 $16 19. Bxh6 (19. Rxb7 Na5 $14) 19... Qf6) 19. cxd4 $18 b6 {[#]} 20. cxb6 $1 axb6 21. Qg4 Kh8 (21... g6 $16 {is a better defense.}) 22. Bg5 $1 Be7 23. Bxe7 ({White should play} 23. f4 $18) 23... Qxe7 $16 24. Rxb6 Rxa2 25. h3 $40 {[%mdl 128] White goes for the king.} Rc8 26. Reb1 Qc7 27. Kh2 Ra4 28. Qh4 ({Better is} 28. Rb7 $18 Qd8 29. Qf4) 28... Bc6 (28... Kg8 $16 29. Rb7 Qc3) 29. Qf4 Kg8 30. Qd2 Kh8 (30... Be8 $16 31. Rb7 Qd8) 31. Qc3 {[#] Rxc6! is the strong threat.} Raa8 32. Ba6 Be8 (32... Bd7 {was called for.} 33. Qb4 Rf8) 33. Qb4 $18 Rd8 $2 (33... Rxa6 {was worth a try.} 34. Rxa6 Qxc2) 34. Qf8+ {White is clearly winning.} Kh7 {And now ...Bb5 would win.} 35. Bd3+ f5 36. Rxe6 Bg6 37. Qe7 Rd7 (37... Qxe7 $142 38. Rxe7 f4) 38. Qb4 Bf7 39. Rb6 {Precision: White = 60%, Black = 30%.} 1-0